La Torre Pallaresa : història de una mansión señorial història de una mansión señorial
Descripción Física:
149 p. : il. ; 24 cm
MARC
| LEADER | 00000nam a2200000Ia 4500 | ||
|---|---|---|---|
| 001 | 22959 | ||
| 008 | 160829s1949 xx 000 0 cat d | ||
| 080 | |a B-2-229 | ||
| 100 | 1 | |a Duran i Sanpere, Agustí, |d 1887-1975 |9 24180 | |
| 245 | |a La Torre Pallaresa : |b història de una mansión señorial | ||
| 260 | |a Barcelona : |b Industrias Gráficas Martí y Marí, |c 1949 | ||
| 300 | |a 149 p. : |b il. ; |c 24 cm | ||
| 590 | |a Núm. de full registral: 4766 | ||
| 650 | |a Masia de Torribera (Santa Coloma de Gramenet) |x Història |9 39856 | ||
| 650 | |a Recinte Torribera (Santa Coloma de Gramenet) |x Història |9 39851 | ||
| 901 | |a Arxiu | ||
| 942 | |n 1 | ||
| 952 | |0 0 |1 0 |4 0 |6 B2229 |7 1 |9 49276 |a Arxiu |b Arxiu |d 2016-12-01 |l 0 |o B-2-229 |p 22959 |r 2016-12-01 00:00:00 |w 2016-12-01 |y ARXIU | ||
| 999 | |c 53118 |d 53118 | ||